'Who's on First?' Match-Up Quiz Stats

 Plays Quiz Updated Mar 16, 2016

Also try: Quotable Comedians
Challenge
Share
Tweet
Score 0/8 Timer 01:00
5 Plays Today
% Correct
Who
94.8%
What
87.4%
I Don't Know
80.7%
Tomorrow
52.7%
Today
49%
I Don't Give A Darn
48.3%
Why
38%
Because
29.6%

You're not logged in!

Compare scores with friends on all Sporcle quizzes.
OR
Log In

You Might Also Like...

Show Comments

Extras

Top Quizzes Today


Score Distribution

Your Account Isn't Verified!

In order to create a playlist on Sporcle, you need to verify the email address you used during registration. Go to your Sporcle Settings to finish the process.

Report this User

Report this user for behavior that violates our Community Guidelines.

Details: